00482nam a2200193Ia 4500003000400000005001700004008004100021020001800062040000700080041001200087082001700099100001800116245004000134260003000174300002900204365001700233650001500250650002300265OSt20250710185712.0210423s2010 xx 000 0 und d a9780415425766 cAL aEnglish a070.4 bHANE aHansen Anders aEnvironment media and communication aNew YorkbRoutledgec2010 axvii,235p.bPBc23x15cm. b2207.08cINR aJournalism aJournalism & Media